Politische Philosophie heute: Eine Einfurung

Dades bibliogràfiques
Autor principal: Kymliska W. Will
Idioma:alemany
Publicat: Frankfurt am Main, Campus Verlag, 1996
Matèries:
Format: Llibre
KOHA link:https://koha.lib.tpu.ru/cgi-bin/koha/opac-detail.pl?biblionumber=4507

MARC

LEADER 00000nam0a2200000 4500
001 4507
005 20231030175124.0
010 |a 3593355094 
035 |a (RuTPU)RU\TPU\book\4531 
035 |a BOOK00004550 
090 |a 4507 
100 |a 20011209d1996 k y0gery50 ba 
101 0 |a ger 
102 |a DE 
105 |a y z 000zy 
200 1 |a Politische Philosophie heute  |e Eine Einfurung  |f W. Kymliska 
210 |a Frankfurt am Main  |c Campus Verlag  |d 1996 
215 |a 297 p. 
610 1 |a философия 
610 1 |a политика 
686 |a Ф01  |v LBC/SL-A  |2 rubbk 
700 1 |a Kymliska  |b W.  |g Will 
801 0 |a RU  |b 63413507  |c 20011209  |g PSBO 
801 2 |a RU  |b 63413507  |c 20070219  |g PSBO 
942 |c BK